| 000 | 00866nam a2200241 a 4500 | ||
|---|---|---|---|
| 001 | 000024116 | ||
| 005 | 20240530073934.0 | ||
| 008 | 110117s2012 dr 000 e spa d | ||
| 020 | _a9789993469186 | ||
| 040 |
_aDO-SdBNP _bspa _cBNPHU |
||
| 082 |
_aRD864.44 _bD249m |
||
| 100 | 1 |
_aLeón David _d1945- _984930 |
|
| 245 | 1 | 0 |
_aMemorias del desemparo : _bensayos filosóficos / _cLeón David ; prólogo Miguel Ángel Formerín. |
| 260 |
_aSanto Domingo : _bBúho, _c2012. |
||
| 300 |
_a206 p. ; _c25 cm. |
||
| 500 | _aIncluye datos biográficos del autor en la solapa de la cubierta. | ||
| 590 | _aInventariado, 2020/LP | ||
| 650 | 0 |
_aEnsayos dominicanos _965 |
|
| 650 | 0 |
_aLiteratura dominicana. _967 |
|
| 650 | 4 |
_aFilosofía _xEnsayos, conferencias, etc. _933791 |
|
| 700 | 1 |
_aFormerín, Miguel Ángel, _epról. _949532 |
|
| 910 | _aValidado. Control de calidad EMS | ||
| 999 |
_c23611 _d23611 |
||